000 00270nam a22001097a 4500
008 170124b xxu||||| |||| 00| 0 eng d
020 _a9781599405629
041 _aeng
080 _a618.2
245 _aSTANDARDS FOR AMBULATORY CARE
_cTHE JOINT COMMISSION
942 _2udc
_cBK
999 _c3429
_d3429